| 000 | 01198nac a22003251i 4500 | ||
|---|---|---|---|
| 003 | EG-ScBUE | ||
| 005 | 20240626091245.0 | ||
| 008 | 240626t2001 enkab f b 001 0 eng d | ||
| 020 | _a1579583148 | ||
| 035 | _a(OCoLC)ocm46881599 | ||
| 040 |
_aEG-ScBUE _beng _erda _cEG-ScBUE _dEG-ScBUE |
||
| 043 | _af------ | ||
| 082 | 0 | 4 |
_a960.32 _bARN _222 |
| 100 | 1 |
_aArnold, Guy, _eauthor. |
|
| 245 | 1 | 2 |
_aA guide to African political & economic development / _cGuy Arnold. |
| 246 | 3 | _aGuide to African political and economic development | |
| 264 | 1 |
_aLondon ; _aChicago : _bFitzroy Dearborn Publishers, _c[2001] |
|
| 264 | 4 | _cc2001 | |
| 300 |
_axvi, 246 pages : _billustrations, maps ; _c23 cm |
||
| 336 |
_2rdacontent _atext _btxt |
||
| 337 |
_aunmediated _2rdamedia _bn |
||
| 338 |
_avolume _bnc _2rdacarrier |
||
| 504 | _aIncludes bibliographical references and index. | ||
| 651 | 7 |
_aAfrica _xPolitics and government _y1960- _2BUEsh |
|
| 651 | 7 |
_aAfrica _xEconomic conditions _y1960- _2BUEsh |
|
| 651 | 7 |
_aAfrica _xEconomic policy. _2BUEsh |
|
| 655 | _vReading book | ||
| 856 | 4 | 2 |
_3Publisher description _uhttp://www.loc.gov/catdir/enhancements/fy0653/2002726816-d.html |
| 942 |
_cBB _2ddc |
||
| 999 |
_c9051 _d9051 |
||